000 00642nam a2200205Ia 4500
008 191130s2007##################000#0#eng##
020 _a199257078
022 _a2007299751
040 _aACL
_cACL
082 _a330.150 LOE
100 _aLoewenstein, George
245 _aExotic preferences : behavioral economics and human motivation
_cGeorge Loewenstein
260 _aOxford
_bOxford University Press
_c2007
300 _axv, 671 p. : ill. ; 24 cm
500 _aIncludes bibliographical references and index
650 _aConsumers' preferences
990 _a01a4ba6eac10000c1bbaaeed70b4cc16
991 _a42864
999 _c261719
_d261719